01231nam a2200241 i 450000100060000000300090000600500170001500700030003200800410003508000150007610000310009124501630012226000520028530000300033749001780036765000300054565000410057570000260061683001860064285200210082899900170084995201230086651174ES-MaACL20250808090127.0t|140423s1894 it ||||1| ita d a342.4(100)1 aBrunialti, Attilio.93218310aFormazione e revisione delle Costituzioni moderne / cA. Brunialti. Le costituzioni dei popoli liberi / L. Palma. Testi delle principali costituzioni moderni. aTorino : bUnione Tipografico-Editrice, c1894. aCLXVI, 1034 p. ; c24 cm.1 aBiblioteca di scienze politiche e amministrative : scelta collezione... Seconda serie : Opere di Diritto Amministrativo e Costituzionale / diretta da Attilio Brunialti ; v2 7aPolítica2embne914034507aDerecho constitucional2embne9116801 aPalma, Luigi.91308000 aBiblioteca di scienze politiche e amministrative : scelta collezione... Seconda serie : Opere di Diritto Amministrativo e Costituzionale / diretta da Attilio Brunialti ; v29182342 aES-MaACLjB-9324 c51174d51174 001040708LIBXIXaATENEOMbATENEOMcSPBd2008-01-17eSCl0oB-9324p1053825r2023-02-23 00:00:00w2023-02-23yMONANT